Štíhly podnik - princípy, stavebné kamene a zásady implementácie

Zásady úspešnej implementácie filozofie štíhlej výroby. Základy štíhlej výroby a princípy hodnotenia úrovne jej zavedenia. Postup zavádzania štíhlej výroby, jej plánovanie a praktická realizácia.

Enregistré dans:
Détails bibliographiques
Auteur principal: Gregor, Tomáš
Autres auteurs: Major, Michal, Gregor, Milan
Format: Chapitre de livre
Langue:slovaque
Sujets:
Tags: Ajouter un tag
Pas de tags, Soyez le premier à ajouter un tag!

MARC

LEADER 00000naa a2200000 4500
001 0226915
005 20231208114755.9
041 0 |a slo 
044 |a SK 
245 1 0 |a Štíhly podnik - princípy, stavebné kamene a zásady implementácie  |c Tomáš Gregor, Michal Major, Milan Gregor 
520 |a Zásady úspešnej implementácie filozofie štíhlej výroby. Základy štíhlej výroby a princípy hodnotenia úrovne jej zavedenia. Postup zavádzania štíhlej výroby, jej plánovanie a praktická realizácia. 
610 2 0 |a výroba štíhla 
610 2 0 |a podnik 
610 2 0 |a produktivita 
610 2 0 |a výkony podnikové 
610 2 0 |a metódy riadenia 
100 1 |a Gregor, Tomáš 
700 1 |a Major, Michal 
700 1 |a Gregor, Milan